Statistics for Countries Bordering Unknown Country #24

Click here to take the quiz!

General Stats

  • This quiz has been taken 342 times
  • The average score is 7 of 7

Answer Stats

Bordering CountryAnswer% Correct
DDemocratic Republic
of the Congo
98%
CChad
97%
SSouth Sudan
97%
SSudan
97%
CCameroon
95%
RRepublic of the
Congo
95%
Central African Republic
90%

Score Distribution

Percentile by Number Answered

Percent of People with Each Score

Your Score History

You have not taken this quiz